[Event "Yuzhny FO-ch op"]
[Site "Armavir"]
[Date "2015.02.??"]
[Round "1"]
[White "Khudjakov, Alexander"]
[Black "Kidanov, Viktor"]
[Result "0-1"]
[WhiteElo "2182"]
[BlackElo "1869"]
[PlyCount "154"]
[EventDate "2015.02.13"]
[EventType "swiss"]
[EventRounds "9"]
[EventCountry "RUS"]
[SourceTitle "CBM 165 Extra"]
[Source "ChessBase"]
[SourceDate "2015.04.21"]
[SourceVersion "1"]
[SourceVersionDate "2015.04.21"]
[SourceQuality "1"]

1. e4 c5 2. Nf3 Nc6 3. d4 cxd4 4. Nxd4 Qb6 5. Nb3 Nf6 6. Nc3 a6 7. Be2 e6 8. 0-0 Qc7 9. Be3 b5 10. a3 Be7 11. f4 d6 12. Bf3 0-0 13. Qe1 Bb7 14. Rd1 Rac8 15. Qg3 b4 16. axb4 Nxb4 17. Rd2 d5 18. exd5 Nbxd5 19. Nxd5 Bxd5 20. Bxd5 Nxd5 21. Bd4 Bf6 22. Bxf6 Nxf6 23. Qf3 g6 24. g3 h5 25. Kg2 Rfd8 26. Rfd1 Rd5 27. Nd4 Rcd8 28. c3 Qb6 29. Re1 Qa5 30. Rde2 Qc5 31. Qd3 R5d6 32. Re5 Qb6 33. R1e2 Ng4 34. Rg5 Kg7 35. h3 Nh6 36. Rge5 Nf5 37. Nxf5+ exf5 38. Qe3 Qc6+ 39. Qf3 Qa4 40. Qf2 Qa1 41. Re1 Rd1 42. R5e2 Qb1 43. c4 Qd3 44. Rxd1 Qxd1 45. Re1 Qb3 46. Rc1 Qb7+ 47. Kg1 Rd3 48. h4 Qb4 49. Rc2 Qb3 50. Rc3 Qd1+ 51. Qf1 Qxf1+ 52. Kxf1 Rd6 53. c5 Rc6 54. Ke2 Kf6 55. Kd3 Ke6 56. Kc4 Kd7 57. b4 Re6 58. b5 Re4+ 59. Kd5 axb5 60. c6+ Kc7 61. Rc5 Re6 62. Rxb5 Rxc6 63. Ra5 Rd6+ 64. Kc5 Kd7 65. Kc4 Ke6 66. Ra3 Kf6 67. Kc5 Rd1 68. Rb3 Rd7 69. Kc4 Re7 70. Kd4 Re4+ 71. Kc3 Kg7 72. Ra3 f6 73. Rb3 g5 74. Ra3 gxh4 75. gxh4 Re1 76. Kd2 Rh1 77. Rg3+ Kf7 0-1

[Event "Yuzhny FO-ch op"]
[Site "Armavir"]
[Date "2015.02.??"]
[Round "2"]
[White "Vinnichuk, Liudmila"]
[Black "Khudjakov, Alexander"]
[Result "0-1"]
[WhiteElo "1556"]
[BlackElo "2182"]
[PlyCount "54"]
[EventDate "2015.02.13"]
[EventType "swiss"]
[EventRounds "9"]
[EventCountry "RUS"]
[SourceTitle "CBM 165 Extra"]
[Source "ChessBase"]
[SourceDate "2015.04.21"]
[SourceVersion "1"]
[SourceVersionDate "2015.04.21"]
[SourceQuality "1"]

1. e4 e5 2. Nf3 Nc6 3. Bb5 Nge7 4. Nc3 Ng6 5. d3 Be7 6. 0-0 0-0 7. Be3 d6 8. h3 f5 9. exf5 Bxf5 10. Nd5 Kh8 11. Nxe7 Qxe7 12. Ng5 Nf4 13. Bxf4 exf4 14. Nf3 Qf6 15. c3 Ne5 16. Nxe5 Qxe5 17. Bc4 d5 18. Re1 Qd6 19. Bb3 c6 20. d4 Rae8 21. Bc2 Rxe1+ 22. Qxe1 Bxc2 23. Qd2 Qg6 24. f3 Qd3 25. Qxd3 Bxd3 26. Re1 h6 27. Re7 Ba6 0-1

[Event "Belorechensk Seniors op"]
[Site "Belorechensk"]
[Date "2013.02.13"]
[Round "1"]
[White "Khudjakov, Alexander"]
[Black "Gusev, Vitaly"]
[Result "1/2-1/2"]
[WhiteElo "2210"]
[BlackElo "2089"]
[PlyCount "48"]
[EventDate "2013.02.13"]
[EventType "swiss"]
[EventRounds "9"]
[EventCountry "RUS"]
[SourceTitle "CBM 153 Extra"]
[Source "ChessBase"]
[SourceDate "2013.04.22"]
[SourceVersion "1"]
[SourceVersionDate "2013.04.22"]
[SourceQuality "1"]

1. a3 c5 2. c4 b6 3. Nc3 Bb7 4. e4 d6 5. d3 g6 6. g3 Bg7 7. Nge2 e6 8. Bg2 Ne7 9. 0-0 0-0 10. f4 a6 11. Kh1 Nbc6 12. Rb1 a5 13. Be3 f5 14. Bg1 Nd4 15. Nxd4 cxd4 16. Nb5 e5 17. Qe2 Qd7 18. a4 Nc6 19. exf5 Rxf5 20. Bd5+ Kh8 21. Qg2 Raf8 22. Rbe1 R5f6 23. Na7 Nd8 24. Nb5 Nc6 1/2-1/2

[Event "UKR-ch sf op"]
[Site "Alushta"]
[Date "2001.??.??"]
[Round "?"]
[White "Khudjakov, Alexander"]
[Black "Firman, Nazar"]
[Result "0-1"]
[WhiteElo "2210"]
[BlackElo "2476"]
[PlyCount "56"]
[EventDate "2001.04.17"]
[EventType "swiss"]
[EventRounds "9"]
[EventCountry "UKR"]
[SourceTitle "EXT 2003"]
[Source "ChessBase"]
[SourceDate "2002.11.25"]
[SourceVersion "1"]
[SourceVersionDate "2002.11.25"]
[SourceQuality "1"]

1. d4 f5 2. g3 Nf6 3. Bg2 g6 4. c3 Bg7 5. Nh3 Na6 6. 0-0 0-0 7. Bxb7 Bxb7 8. Qb3+ Bd5 9. c4 Bf7 10. Ng5 c5 11. d5 Qb6 12. Qf3 e5 13. dxe6 Bxe6 14. Na3 d5 15. Bf4 d4 16. b3 Bd7 17. Nb5 h6 18. Nh3 g5 19. Nxg5 hxg5 20. Bxg5 Ne4 21. Bf4 Bxb5 22. cxb5 Qxb5 23. Qh5 Qe8 24. Qh3 Qg6 25. a3 Rae8 26. Rae1 Nb8 27. f3 Nc3 28. Qg2 Nd5 0-1

[Event "UKR-chT 8th"]
[Site "Alushta"]
[Date "2000.04.17"]
[Round "8"]
[White "Goreskul, Alyona"]
[Black "Khudjakov, Alexander"]
[Result "1-0"]
[WhiteElo "2162"]
[BlackElo "2177"]
[PlyCount "51"]
[EventDate "2000.04.10"]
[EventType "team-swiss"]
[EventRounds "9"]
[EventCountry "UKR"]
[SourceTitle "EXT 2019"]
[Source "ChessBase"]
[SourceDate "2018.10.10"]
[SourceVersion "1"]
[SourceVersionDate "2018.10.10"]
[SourceQuality "1"]
[WhiteTeam "Chaika Grandmasters' School"]
[BlackTeam "Alushta Carbon"]
[WhiteTeamCountry "UKR"]
[BlackTeamCountry "UKR"]

1. e4 e6 2. Nf3 d5 3. e5 c5 4. b4 cxb4 5. a3 Nc6 6. axb4 Bxb4 7. c3 Be7 8. d4 h5 9. Bd3 Nh6 10. Na3 Nf5 11. Nc2 g6 12. Ne3 Kf8 13. Rg1 Kg7 14. g4 hxg4 15. Rxg4 Rh5 16. Ng2 Rb8 17. Nf4 Rh7 18. Ke2 b5 19. Qg1 b4 20. Nxg6 fxg6 21. Rxg6+ Kh8 22. Bxf5 Nxd4+ 23. cxd4 exf5 24. Ng5 b3 25. Nxh7 Rb6 26. Nf6 1-0